000 00416nam a2200169 a 4500
001 0000-8873
003 ELIB.Books
008 110520 1987
035 _a(ELIB.Books)0000-9019
082 _aB
_bAnd
100 _aAnderson, Courtney
245 _aTo the Golden Shore
260 _bValley Forge: Judson Press
_c1987
650 _aBiography
942 _2ddc
_cBK
998 _cbat
_e2011-05-20
999 _c8873
_d8873